000 01132cam a2200313 i 4500
001 52390
003 Mx-PuUPA
005 20230519084338.0
008 140415s2000 mx gr 001 0 spa d
020 _a9701854683
040 _aMX-PuUPA
_bspa
_erda
_cMx-PuUPA
_dMx-PuUPA
041 _aspa
100 1 _aMedina Ávila, José Rafael,
_eautor
_95484
245 1 0 _aRecetario huichol de Nayarit /
_cJosé Rafael Madina Ávila.
250 _aPrimera edición
264 1 _aMéxico, D.F. :
_bConsejo Nacional para la Cultura y las Artes,
_bDirección General de Culturas Populares e Indígenas,
_c2000
300 _a78 páginas :
_bilustraciones ;
_c21 cm.
336 _atexto
_2rdacontent
_btxt
337 _asin medio
_2rdamedia
_bn
338 _avolumen
_2rdacarrier
_bnc
490 0 _aCocina indígena y popular ;
_v46
650 7 _aCocina mexicana
_zNayarit
_2armarc
650 4 _aHuicholes
_xAlimentos
942 _2ddc
_cLI
_h641.5926872
_iC6446
_h641.597234
_iM488
_h641.597234
_iM488
999 _c52390
_d52390